<?xml version="1.0" encoding="UTF-8"?>
<collection xmlns="http://www.loc.gov/MARC21/slim">
<record>
  <controlfield tag="001">352220</controlfield>
  <controlfield tag="005">20240826173119.0</controlfield>
  <datafield tag="035" ind1=" " ind2=" ">
    <subfield code="a">G:(GEPRIS)547004133</subfield>
  </datafield>
  <datafield tag="024" ind1="7" ind2=" ">
    <subfield code="a">G:(GEPRIS)547004133</subfield>
    <subfield code="d">547004133</subfield>
  </datafield>
  <datafield tag="040" ind1=" " ind2=" ">
    <subfield code="a">GEPRIS</subfield>
    <subfield code="c">http://gepris.its.kfa-juelich.de</subfield>
  </datafield>
  <datafield tag="150" ind1=" " ind2=" ">
    <subfield code="a">Mechanischer und chemischer Crosstalk zwischen Membranen und verankerten Mechanokinasen (P13)</subfield>
    <subfield code="y">2024 -</subfield>
  </datafield>
  <datafield tag="371" ind1=" " ind2=" ">
    <subfield code="a">Professorin Dr. Frauke Gräter</subfield>
  </datafield>
  <datafield tag="371" ind1=" " ind2=" ">
    <subfield code="a">Professor Dr. Walter Nickel</subfield>
  </datafield>
  <datafield tag="450" ind1=" " ind2=" ">
    <subfield code="a">SFB 1638 P13</subfield>
    <subfield code="w">d</subfield>
    <subfield code="y">2024 -</subfield>
  </datafield>
  <datafield tag="510" ind1="1" ind2=" ">
    <subfield code="a">Deutsche Forschungsgemeinschaft</subfield>
    <subfield code="0">I:(DE-588b)2007744-0</subfield>
    <subfield code="b">DFG</subfield>
  </datafield>
  <datafield tag="550" ind1=" " ind2=" ">
    <subfield code="0">G:(GEPRIS)511488495</subfield>
    <subfield code="a">SFB 1638: Umbau von zellulären Membranen – wie veränderte Form Funktion schafft</subfield>
    <subfield code="w">t</subfield>
  </datafield>
  <datafield tag="680" ind1=" " ind2=" ">
    <subfield code="a">In diesem Projekt wird untersucht, wie Membranen in ihrer Funktion als Signalplattform mechanische Reize in Zellen übertragen. Während der Einfluss der lateralen Membranspannung auf Proteinaktivitäten bekannt ist, ist die Wirkung der Kräfte, die Proteine von der Membran wegziehen, weitaus weniger klar. Unsere Forschung konzentriert sich auf die Tyrosinkinasen Abl und Src und zielt darauf ab, die Stabilität ihrer Membranbindung und die Rolle der Membranumgestaltung bei ihrer Aktivierung zu verstehen. Diese Forschung wird Erkenntnisse darüber liefern, wie kraftabhängige Membranumgestaltung die zelluläre Mechanosensorik ermöglicht.</subfield>
  </datafield>
  <datafield tag="909" ind1="C" ind2="O">
    <subfield code="o">oai:juser.fz-juelich.de:1029951</subfield>
    <subfield code="p">authority:GRANT</subfield>
    <subfield code="p">authority</subfield>
  </datafield>
  <datafield tag="980" ind1=" " ind2=" ">
    <subfield code="a">G</subfield>
  </datafield>
  <datafield tag="980" ind1=" " ind2=" ">
    <subfield code="a">AUTHORITY</subfield>
  </datafield>
  <datafield tag="909" ind1="C" ind2="O">
    <subfield code="o">oai:juser.fz-juelich.de:1029951</subfield>
  </datafield>
</record>
</collection>